Państwa Australii i Oceanii- dwie pierwsze litery - Statystyki

Ogólne statystyki
  • Ten quiz został rozwiązany 3 286 razy
  • Średni wynik to 11 z 14
Statystyki odpowiedzi
Odpowiedź % Poprawnych
Australia
99%
Nowa Zelandia
95%
Palau
84%
Papua- Nowa Gwinea
84%
Wyspy Marshalla
82%
Wyspy Salomona
82%
Fidżi
79%
Mikronezja
71%
Vanuatu
68%
Nauru
67%
Samoa
67%
Tuvalu
67%
Tonga
64%
Kiribati
63%
Nie znaleziono quizów pasujących do podanych kryteriów
Rozkład punktacji
Procent ludzi z każdym wynikiem
Percentyl według liczby udzielonych odpowiedzi
Twoja historia wyników
Nie rozwiązałeś tego quizu